[Event "Tuebingen-ch 55th"]
[Site "Tuebingen"]
[Date "1996.??.??"]
[Round "?"]
[White "Dieringer, Juergen"]
[Black "Khadempour, Farhad"]
[Result "1-0"]
[WhiteElo "1960"]
[BlackElo "2150"]
[PlyCount "91"]
[EventDate "1996.??.??"]
[EventType "swiss"]
[EventRounds "9"]
[EventCountry "GER"]
[SourceTitle "EXT 1999"]
[Source "ChessBase"]
[SourceDate "1998.11.16"]
[SourceVersion "1"]
[SourceVersionDate "1998.11.16"]
[SourceQuality "1"]

1. Nf3 e6 2. g3 b6 3. Bg2 Bb7 4. 0-0 f5 5. d4 Be7 6. c4 Nf6 7. Nc3 0-0 8. d5 Bb4 9. Nd4 Bxc3 10. bxc3 exd5 11. Nxf5 Ne4 12. cxd5 Nxc3 13. Qd3 Nxe2+ 14. Qxe2 Rxf5 15. Qg4 Rf7 16. Bg5 Qf8 17. Be4 Na6 18. Qh4 g6 19. Bh6 Qe7 20. Bg5 Qf8 21. Bh6 Qd6 22. Rad1 Nc5 23. Bg2 Re8 24. Rde1 Rc8 25. Bf4 Qf6 26. Bg5 Qf5 27. Rd1 Re8 28. Bf4 Nd3 29. Bxc7 Bxd5 30. g4 Qe6 31. Rxd3 Bxg2 32. Re3 Qxe3 33. fxe3 Bxf1 34. Bf4 Bc4 35. Qg5 Bxa2 36. h4 Be6 37. h5 Ref8 38. hxg6 hxg6 39. Be5 Rf1+ 40. Kh2 R1f2+ 41. Kh3 R8f3+ 42. Kh4 Rf7 43. Qxg6+ Kf8 44. Bd6+ Ke8 45. Qe4 R7f6 46. Kg5 1-0